Wymień kraje należące do OECD - Statystyki

Ogólne statystyki
  • Ten quiz został rozwiązany 13 razy
  • Średni wynik to 36 z 38
Odpowiedzi na mapie
Odpowiedzi zakodowano w zielono-czerwonej skali na mapie do tego quizu, zgodnie z poniższymi procentami.
 
Statystyki odpowiedzi
Odpowiedź % Poprawnych
Australia
100%
Austria
100%
Belgia
100%
Czechy
100%
Dania
100%
Estonia
100%
Finlandia
100%
Francja
100%
Grecja
100%
Hiszpania
100%
Holandia
100%
Irlandia
100%
Islandia
100%
Kanada
100%
Litwa
100%
Łotwa
100%
Luksemburg
100%
Niemcy
100%
Norwegia
100%
Polska
100%
Portugalia
100%
Słowacja
100%
Słowenia
100%
Stany Zjednoczone
100%
Szwajcaria
100%
Szwecja
100%
Węgry
100%
Wielka Brytania
100%
Włochy
100%
Japonia
92%
Korea Południowa
92%
Nowa Zelandia
92%
Meksyk
83%
Turcja
83%
Izrael
75%
Chile
67%
Kolumbia
67%
Kostaryka
50%
Nie znaleziono quizów pasujących do podanych kryteriów
Rozkład punktacji
Procent ludzi z każdym wynikiem
Percentyl według liczby udzielonych odpowiedzi
Twoja historia wyników
Nie rozwiązałeś tego quizu